Principles of plant biotechnology An introduction to genetic engineering in plants
Na minha lista:
| Autor principal: | |
|---|---|
| Formato: | Livro |
| Idioma: | Undetermined |
| Publicado em: |
Oxford
Blackwell
1985
|
| Assuntos: | |
| Tags: |
Adicionar Tag
Sem tags, seja o primeiro a adicionar uma tag!
|
| Thư viện lưu trữ: | Trung tâm Học liệu Trường Đại học Cần Thơ |
|---|
| LEADER | 00557nam a2200193Ia 4500 | ||
|---|---|---|---|
| 001 | CTU_8724 | ||
| 008 | 210402s9999 xx 000 0 und d | ||
| 082 | |a 581.15 | ||
| 082 | |b M292 | ||
| 100 | |a S H Mantell | ||
| 245 | 0 | |a Principles of plant biotechnology | |
| 245 | 3 | |b An introduction to genetic engineering in plants | |
| 245 | 0 | |c S H Mantell, A McKee | |
| 260 | |a Oxford | ||
| 260 | |b Blackwell | ||
| 260 | |c 1985 | ||
| 650 | |a genetic engineering,plant genetics | ||
| 904 | |i Minh, 960918 | ||
| 980 | |a Trung tâm Học liệu Trường Đại học Cần Thơ | ||